00570cam a22001697a 4500003000500000005001700005008004100022010001000063011001000073035001000083040000900093100002900102245011700131260010600248300001000354650003600364CHAP20220329140503.0971013s1970 r 00010 d a52688 a53660 a57810 cCHAP00aRosales Olvera, Luciano.13aLa mecánica operativa en la concesión del crédito a productores agropecuarios con intervención del Fondo aMéxico, D. F. :bFondo de Garantía y Fomento para la Agricultura, Ganadería y Avicultura,c1970 a65 p.14aCrédito agrícolazMéxico.